| 000 -ლიდერი |
| ფიქსირებული სიგრძის საკონტროლო ველი |
00941nam a22001937a 4500 |
| 003 - საკონტროლო ნომრის იდენტიფიკატორი |
| საკონტროლო ველი |
Ge_BSU |
| 005 - ბოლო ოპერაციის თარიღი და დრო |
| საკონტროლო ველი |
20260325145717.0 |
| 008 - ფიქსირებული სიგრძის მონაცემთა ელემენტები - ზოგადი ინფორმაცია |
| ფიქსირებული სიგრძის საკონტროლო ველი |
260325s1986 ge ||||| |||| 00| 0 geo d |
| 041 ## - ენის კოდი |
| Language code of text/sound track or separate title |
geo |
| 080 ## - უნივერსალური ათობითი კლასიფიკაციის ინდექსი |
| Universal Decimal Classification number |
339(075.8) : 658.6/9(075.8) ჯ-85 |
| 100 ## - მთავარი ჩანაწერი - პიროვნების სახელი |
| Personal name |
ჯულაყიძე, გ. |
| 9 (RLIN) |
27206 |
| 245 ## - ცნობა სათაურის შესახებ |
| Title |
ვაჭრობის ეკონომიკა, ორგანიზაცია და დაგეგმვა : |
| Remainder of title |
[დამხმ. სახელმძღვ. სტუდენტებისათვის] / |
| Statement of responsibility, etc |
გ. ჯულაყიძე. |
| 264 ## - წარმოების, გამოცემის, დისტრიბუციის და სხვა ცნობები |
| გამოცემის, წარმოების, დისტრიბუციის... ადგილი |
თბილისი : |
| გამოცემის, წარმოების, დისტრიბუციის... სახელწოდება |
თბილ. უნ-ტის გამ-ბა, |
| გამოცემის, წარმოების, დისტრიბუციის... თარიღი |
1986. |
| 300 ## - ფიზიკური აღწერა |
| Extent |
377 გვ. ; |
| Other physical details |
20 სმ. |
| 653 ## - INDEX TERM--UNCONTROLLED |
| Uncontrolled term |
ვაჭრობის ეკონომიკა |
| 653 ## - INDEX TERM--UNCONTROLLED |
| Uncontrolled term |
ვაჭრობის ორგანიზაცია |
| 653 ## - INDEX TERM--UNCONTROLLED |
| Uncontrolled term |
ვაჭრობის დაგეგმვა |
| 942 ## - ADDED ENTRY ELEMENTS (KOHA) |
| Source of classification or shelving scheme |
|
| Koha item type |
წიგნი |